000 01896ngm a2200349 4500
003 dpl
005 20100306143242.0
007 DVD
008 ||||||sp199 xxu|||||c ||| 00| 0 ng d
010 _aDVD-006102-6106
024 _c69.00
035 _aDVD-006102-6106
040 _aDPL
_cDPL
082 _aDVD EKSA
245 _aEk Saal
_cGoyal Cine Corporation Presents
_h[videorecording] DVD/
260 _bEagle Home Entertainment
300 _a1 videodisc DVD;
_bsd., col. ;
_c4 3/4 in.
_fDVD
440 _aEagle Video Home Entertainment
538 _aDolby Digital 5.1 - Hindi Subtitles: English
650 _aMotion Picture
700 _aGoyal, Devendra
700 _aRavi
700 _aAshok Kumar
700 _aMadhubala
942 _cCF
_2ddc
_hDVD
_mEKSAA
999 _c34478
_d34478